| 000 | 00888nam a2200277 a 4500 | ||
|---|---|---|---|
| 001 | BRCA_4083 | ||
| 005 | 20190320204535.0 | ||
| 008 | 180210s1934----nyu#######---#000-0#eng-# | ||
| 041 | _aeng | ||
| 044 | _anyu | ||
| 050 | 4 |
_aHC427.8 _b.S35 1934 |
|
| 100 | 1 |
_aSalter, Sir James Arthur. _910569 |
|
| 245 | 1 | 0 |
_aChina and Silver _cby Sir Arthur Salter. |
| 260 |
_aNueva York _bEconomic Forum, Inc. _c1934 |
||
| 300 |
_a117 p. _c23 cm. |
||
| 500 | _aEs la sección II de la revista ECONOMIC FORUM, Vol. 2, No. 2 junio, 1934 (Primavera) | ||
| 500 | _aRevista inventariada por Banco de México como libro | ||
| 500 | _aCEF54 | ||
| 650 | 1 | 4 |
_aFinanzas _zChina _910570 |
| 650 | 1 | 4 |
_aCuestión Monetaria _zChina _910571 |
| 650 | 1 | 4 |
_aPlata _910572 |
| 651 | 4 |
_aChina _xCondiciones económicas _910573 |
|
| 710 | 2 |
_aNational Economic Council (China) _910574 |
|
| 902 | _aGFM | ||
| 942 |
_2lcc _cB |
||
| 999 |
_c3805 _d3805 |
||